Car Seat Headrest - IWYTKTIA/IHTYA Lyrics - Statistics

General Stats
  • This quiz has been taken 236 times
  • The average score is 386 of 499
Answer Stats
Answer % Correct
I
100%
"I
100%
a
98%
the
97%
The
97%
to
97%
To
97%
you
97%
You
97%
you?
97%
no
96%
No,
96%
as
95%
an
94%
I'm
94%
in
94%
not
94%
Who
94%
your
94%
Your
94%
is
93%
all
92%
am
92%
and
92%
And
92%
love,
92%
love
92%
for
91%
my
91%
We
90%
asleep
89%
me
89%
so
89%
when
89%
feeling
88%
have
88%
stupid
88%
asshole
87%
be
87%
allowed
86%
But
86%
can
86%
if
86%
If
86%
know
86%
of
86%
stuttering
86%
That
86%
that
86%
There
86%
this
86%
this:
86%
ugly
86%
would
86%
complicate
85%
feelings
85%
Feelings
85%
some
85%
do
84%
like
84%
year
84%
are
83%
It
83%
it
83%
man
83%
type
83%
want
83%
Bullshit,
81%
bullshit,
81%
bullshit
81%
fall
81%
someone
81%
were
81%
we're
81%
We’re
81%
we’re
81%
dignity
80%
don't
80%
ear
80%
else's
80%
anger
79%
Mind
79%
resent
78%
them,
78%
them
78%
night?
77%
nothing
77%
Nothing
77%
tonight?
77%
at
76%
cough
76%
up
76%
you're
76%
You're
76%
broke
75%
can't
75%
say
75%
anything
74%
did"
74%
go
74%
hope
74%
on
74%
what
74%
today
73%
ever
72%
get
72%
hard
72%
try
72%
was
72%
it's
70%
Why
70%
why
70%
times
69%
didn't
68%
matter
68%
said
68%
said,
68%
world
68%
doesn't
66%
response
66%
Then
66%
could
65%
coffee
64%
right
64%
sentence
64%
words
64%
Yoko
64%
Beatles
63%
everything
63%
John
63%
laugh?
63%
Sometimes
63%
mistake
62%
before
61%
day
61%
find
61%
just
61%
parents
61%
parents,
61%
tried
61%
head
60%
least
60%
making
60%
final
59%
long
59%
only
59%
real
59%
reason
59%
stupider
59%
bleeding
58%
gone
58%
air,
57%
because
57%
help
57%
into
57%
last
57%
out
57%
sounding
57%
back
56%
Which
56%
which
56%
came
55%
couldn't
55%
cut
55%
let's
55%
separated
55%
something
55%
capture
54%
Hangs
54%
kitchen
54%
lot
54%
parking
54%
straight
54%
thumb,
54%
went
54%
bad
53%
days
53%
latest
53%
really
53%
ago
52%
demo
52%
edge
52%
face
52%
Here
52%
him,
52%
him
52%
I'll
52%
nice
52%
sat
52%
seemed
52%
Two
52%
well,
52%
come
51%
disappointed
51%
good
51%
drove
50%
Eventually
50%
fit
50%
from
50%
hiding
50%
later
50%
make
50%
timing,
50%
together
50%
parts
49%
phrase
49%
QFC,
49%
QFC
49%
Cause
48%
fill
48%
How
48%
likes
48%
Over
48%
red
48%
trail
48%
napkin
47%
buy
46%
Leaving
46%
while
46%
blossoms
45%
goes
45%
Brian
43%
had
43%
hands
43%
stuff
43%
dabbed
41%
hide
41%
song
41%
first
40%
Michael
40%
sick
40%
angry
39%
felt
38%
started
38%
haven't
37%
Paul
37%
doubting
36%
Skippy
36%
spoken
36%
Flashback
35%
Frankie
34%
Ava
32%
off
32%
Degnan
28%
Lanky
22%
Felice
19%
No matching quizzes found
Score Distribution
Percent of People with Each Score
Percentile by Number Answered
Your Score History
You have not taken this quiz